<?xml version="1.0" encoding="UTF-8"?>
<collection xmlns="http://www.loc.gov/MARC21/slim">
  <record>
    <leader>00000nam  2200000   4500</leader>
    <controlfield tag="001">INLIS000000000020363</controlfield>
    <controlfield tag="005">20250616112633</controlfield>
    <datafield tag="035" ind1="#" ind2="#">
      <subfield code="a">0010-0625000105</subfield>
    </datafield>
    <controlfield tag="007">ta</controlfield>
    <controlfield tag="008">250616################|##########|#|##</controlfield>
    <datafield tag="084" ind1="#" ind2="#">
      <subfield code="a">R 082 PKN II 2023</subfield>
    </datafield>
    <datafield tag="100" ind1=" " ind2="#">
      <subfield code="a">Ahmad Zakri</subfield>
    </datafield>
    <datafield tag="245" ind1="1" ind2="#">
      <subfield code="a">Strategi Mengoptimalkan Mekanisme Kerja Perangkat Daerah Pasca Penyederhanaan Birokrasi (OPTIK PERDA) /</subfield>
      <subfield code="c">Ahmad Zakri</subfield>
    </datafield>
    <datafield tag="260" ind1="#" ind2="#">
      <subfield code="a">Jakarta :</subfield>
      <subfield code="b">Pusbangkom Pimnas dan Manajerial ASN,</subfield>
      <subfield code="c">2023</subfield>
    </datafield>
    <datafield tag="300" ind1="#" ind2="#">
      <subfield code="a">71 hlm. ;</subfield>
      <subfield code="c">30 cm</subfield>
    </datafield>
    <datafield tag="650" ind1="#" ind2="4">
      <subfield code="a">Perangkat Daerah</subfield>
    </datafield>
    <datafield tag="520" ind1="#" ind2="#">
      <subfield code="a">Proyek perubahan ini diharapkan mampu menjawab permasalahan Pemerintah Daerah di bidang kepegawaian pasca penyederhanaan Birokrasi, dimana sebagian pegawai yang belum siap pindah menjadi pejabat fungsional dan belum mampu beradaptasi dengan pola kerja baru tersebut. Hal ini kalau tidak segera diatasi tentu akan mempengaruhi Kinerja Perangkat Daerah. Apabila mekanisme kerja baru ini berjalan optimal maka Organisasi Perangkat Daerah akan menjadi agile dan dinamis sehingga mampu meningkatkan kinerja Perangkat Daerah dan menjawab permasalahan yang semakin kompleks.</subfield>
    </datafield>
    <datafield tag="990" ind1="#" ind2="#">
      <subfield code="a">2407082</subfield>
    </datafield>
  </record>
</collection>
